00612nam a2200169 i 450000100060000000300090000600500170001500700030003200800410003510000400007624501010011626000420021730000200025985200240027999900170030395201220032040687ES-MaACL20230906160305.0t|030306s1905 cu ||||1| spa d1 aCarrera y Justiz, Francisco.93564710aIntroducción a la historia de las instituciones locales de Cuba /cFrancesco Carrero y Justiz. aHabana : bLa Moderna Poesia, c1905. a2 v. ; c22 cm. aES-MaACLjB-641-642 c40687d40687 00104070aATENEOMbATENEOMcSPBd2008-01-17eSCl0oB-641-642p1042836r2023-02-23 00:00:00w2023-02-23yMONOGRAFIA